[Event "17.partie"]
[Site "17.partie"]
[Date "1993.??.??"]
[Round "?"]
[White "Kasparov, Gary"]
[Black "Short, Nigel D"]
[Result "1/2-1/2"]
[WhiteElo "2805"]
[BlackElo "2655"]
[PlyCount "77"]
[EventDate "1993.??.??"]
[Source "www.chesslib.no"]
[SourceDate "2004.05.04"]

1. e4 e5 2. Nf3 Nc6 3. d4 exd4 4. Nxd4 Bc5 5. Nxc6 Qf6 6. Qd2 dxc6 7. Nc3 Be6 8. Na4 Rd8 9. Bd3 Bd4 10. O-O a6 11. Nc3 Ne7 12. Ne2 Bc5 13. Qf4 Ng6 14. Qxf6 gxf6 15. Ng3 h5 16. Be2 h4 17. Nf5 Bxf5 18. exf5 Ne5 19. Re1 Kf8 20. Bf4 Rd4 21. g3 Kg7 22. Rad1 Re4 23. Kg2 hxg3 24. fxg3 Bf2 25. Kxf2 Rxh2+ 26. Kf1 Rexe2 27. Rxe2 Rh1+ 28. Kf2 Rxd1 29. b3 Rd7 30. Rd2 Rxd2+ 31. Bxd2 c5 32. Ke3 c6 33. Ke4 c4 34. b4 b5 35. Bf4 Nd7 36. Kd4 Kf8 37. Bd6+ Kg7 38. Bc7 Kf8 39. a3 1/2-1/2

[Event "London (m/17)"]
[Site "?"]
[Date "1993.??.??"]
[Round "?"]
[White "Kasparov, Garry"]
[Black "Short, N."]
[Result "1/2-1/2"]
[WhiteElo "2805"]
[BlackElo "2655"]
[PlyCount "81"]
[EventDate "1993.??.??"]
[Source "ChessBase"]
[SourceDate "1993.10.01"]

1. e4 e5 2. Nf3 Nc6 3. d4 exd4 4. Nxd4 Bc5 5. Nxc6 Qf6 6. Qd2 dxc6 7. Nc3 Be6 8. Na4 Rd8 9. Bd3 Bd4 10. O-O a6 11. Nc3 Ne7 12. Ne2 Bb6 13. Qf4 Ng6 14. Qxf6 gxf6 15. Ng3 h5 16. Be2 h4 17. Nf5 Bxf5 18. exf5 Ne5 19. Re1 Kf8 20. Bf4 Rd4 21. g3 Kg7 22. Rad1 Re4 23. Kg2 hxg3 24. fxg3 Bf2 25. Kxf2 Rxh2+ 26. Kf1 Rexe2 27. Rxe2 Rh1+ 28. Kf2 Rxd1 29. b3 Rd7 30. Rd2 Rxd2+ 31. Bxd2 c5 32. Ke3 c6 33. Ke4 c4 34. b4 b5 35. Bf4 Nd7 36. Kd4 Kf8 37. Bc7 Ke7 38. g4 Kf8 39. Bd6+ Kg7 40. Bc7 Kf8 41. a3 1/2-1/2

[Event "Brussels BEL"]
[Site "Brussels BEL"]
[Date "1988.??.??"]
[Round "?"]
[White "Timman, Jan Hein"]
[Black "Karpov, Anatoly"]
[Result "1/2-1/2"]
[WhiteElo "2675"]
[BlackElo "2715"]
[PlyCount "40"]
[EventDate "1988.??.??"]
[Source "www.chesslib.no"]
[SourceDate "2004.05.04"]

1. e4 e5 2. Nf3 Nc6 3. d4 exd4 4. Nxd4 Bc5 5. Nf5 d6 6. Nxg7+ Kf8 7. Nh5 Qh4 8. Ng3 Nf6 9. Be2 Ne5 10. Nc3 Nfg4 11. Bxg4 Nxg4 12. Rf1 Rg8 13. Na4 Nxh2 14. Nxc5 Nxf1 15. Kxf1 Rxg3 16. fxg3 Qh1+ 17. Kf2 Qxd1 18. Bh6+ Ke7 19. Rxd1 dxc5 20. Bf4 Bg4 1/2-1/2

[Event "Porzellan-Cup"]
[Site "Dresden"]
[Date "1999.??.??"]
[Round "3.3"]
[White "Almasi, Zoltan"]
[Black "Shirov, Alexei"]
[Result "0-1"]
[WhiteElo "2650"]
[BlackElo "2720"]
[PlyCount "104"]
[EventDate "1999.01.??"]
[Source "ChessBase"]
[SourceDate "1999.03.01"]

1. e4 e5 2. Nf3 Nc6 3. d4 exd4 4. Nxd4 Bc5 5. Be3 Qf6 6. c3 Nge7 7. Be2 b6 8. O-O Bb7 9. Nb5 O-O-O 10. Bxc5 bxc5 11. Qa4 Kb8 12. Nd2 Nc8 13. Nc4 Nb6 14. Nxb6 axb6 15. f4 d6 16. Rad1 Rhe8 17. Bd3 d5 18. e5 Qh4 19. g3 Qg4 20. Qc2 g6 21. Be2 Qe6 22. Bf3 g5 23. fxg5 Nxe5 24. Bg2 Ng4 25. Qa4 Qe3+ 26. Kh1 Nf2+ 27. Rxf2 Qxf2 28. Rf1 Re1 29. Qa7+ Kc8 30. Bh3+ Rd7 31. Bxd7+ Kxd7 32. Rxe1 Qxe1+ 33. Kg2 Qe2+ 34. Kh3 Qh5+ 35. Kg2 Qe2+ 36. Kh3 Qh5+ 37. Kg2 Kc8 38. Qa4 d4+ 39. Kf2 Qf3+ 40. Ke1 Qe3+ 41. Kf1 Qd3+ 42. Ke1 Qe3+ 43. Kf1 Qf3+ 44. Ke1 Qh1+ 45. Kd2 Qxh2+ 46. Kc1 Qg1+ 47. Kd2 Qxg3 48. Na7+ Kb8 49. Nc6+ Bxc6 50. Qxc6 Qxg5+ 51. Kd3 Qg6+ 52. Qxg6 fxg6 0-1

[Event "Corr"]
[Site "?"]
[Date "1996.11.01"]
[Round "?"]
[White "Gottardi Gottardo"]
[Black "Timmerman Gert Jan"]
[Result "1/2-1/2"]
[WhiteElo "2620"]
[BlackElo "2725"]
[PlyCount "64"]
[EventDate "1996.??.??"]
[Source "www.chesslib.no"]
[SourceDate "2004.05.04"]

1. e4 e5 2. Nf3 Nc6 3. d4 exd4 4. Nxd4 Bc5 5. Be3 Qf6 6. c3 Nge7 7. Bc4 Ne5 8. Be2 Qg6 9. O-O d6 10. f3 O-O 11. Nd2 d5 12. Kh1 dxe4 13. fxe4 Bg4 14. Bf4 Bxe2 15. Qxe2 Bd6 16. Nb5 N7c6 17. Nxd6 Qxd6 18. Nc4 Qc5 19. Ne3 Ne7 20. b4 Qxc3 21. Rac1 Qd4 22. Rxc7 N5g6 23. Qf3 Nxf4 24. Rxe7 Qxb4 25. Nf5 Ng6 26. Rc7 Rae8 27. Nxg7 Rxe4 28. Nh5 Re1 29. Nf6+ Kg7 30. Nh5+ Kg8 31. Nf6+ Kg7 32. Nh5+ Kg8 1/2-1/2

[Event "Bugojno"]
[Site "?"]
[Date "1999.??.??"]
[Round "?"]
[White "Timman, J."]
[Black "Svidler, P."]
[Result "1-0"]
[WhiteElo "2650"]
[BlackElo "2680"]
[PlyCount "109"]
[EventDate "1999.??.??"]
[Source "Chess Informant"]
[SourceDate "1999.10.01"]

1. e4 e5 2. Nf3 Nc6 3. d4 exd4 4. Nxd4 Bc5 5. Nxc6 Qf6 6. Qd2 dxc6 7. Nc3 Bd4 8. f4 Be6 9. e5 Qh4+ 10. g3 Qd8 11. Bg2 Nh6 12. Ne4 O-O 13. Qe2 Nf5 14. c3 Bb6 15. Bd2 Qe7 16. Ng5 Rad8 17. Be4 Bc8 18. O-O-O f6 19. Nf3 Nh6 20. exf6 Qxf6 21. Ng5 Bf5 22. Bxf5 Qxf5 23. Qe6+ Kh8 24. Qxf5 Rxf5 25. c4 Ng4 26. Bc3 Rd6 27. Ne4 Be3+ 28. Kb1 Rxd1+ 29. Rxd1 Kg8 30. Ng5 h6 31. Ne6 g5 32. Rd8+ Kf7 33. Ng7 Rc5 34. Rd7+ Kg6 35. f5+ Rxf5 36. Nxf5 Kxf5 37. h3 Nf2 38. h4 Ne4 39. Be1 Kg4 40. hxg5 hxg5 41. Rxc7 Nxg3 42. Kc2 Ne4 43. Rxb7 Kf3 44. Rf7+ Ke2 45. Re7 Nd6 46. Bd2 Nf5 47. Bxe3 Nxe7 48. Bxa7 g4 49. a4 g3 50. a5 g2 51. a6 Nf5 52. Bg1 Ne3+ 53. Kb3 Ng4 54. a7 Kf1 55. Bc5 1-0

[Event "V Match Cina-Russia"]
[Site "Ningpo CINA"]
[Date "2008.09.22"]
[Round "5"]
[White "Li Chao2"]
[Black "Svidler, P."]
[Result "1/2-1/2"]
[WhiteElo "2590"]
[BlackElo "2738"]
[PlyCount "27"]
[EventDate "2008.09.18"]
[Source "www.chesslib.no"]
[SourceDate "2004.05.04"]

1. e4 e5 2. Nf3 Nc6 3. d4 exd4 4. Nxd4 Bc5 5. Be3 Qf6 6. c3 Nge7 7. Bc4 Ne5 8. Be2 Qg6 9. O-O d6 10. Kh1 Qxe4 11. Nd2 Qg6 12. Bh5 Bg4 13. Bxg6 Bxd1 14. Bxf7+ 1/2-1/2

[Event "Camp. russo a squadre 2007"]
[Site "Sochi RUS"]
[Date "2007.05.05"]
[Round "4"]
[White "Najer, E."]
[Black "Akopian, Vl"]
[Result "1/2-1/2"]
[WhiteElo "2624"]
[BlackElo "2698"]
[PlyCount "97"]
[EventDate "2007.05.02"]
[Source "www.chesslib.no"]
[SourceDate "2004.05.04"]

1. e4 e5 2. Nf3 Nc6 3. d4 exd4 4. Nxd4 Bc5 5. Nxc6 Qf6 6. Qf3 Qxf3 7. gxf3 bxc6 8. Be3 Bxe3 9. fxe3 Ne7 10. Nc3 d6 11. Rg1 O-O 12. f4 f5 13. Bc4+ Kh8 14. e5 dxe5 15. O-O-O Ng6 16. Ne2 a5 17. a4 exf4 18. exf4 Ba6 19. Bxa6 Rxa6 20. Rd7 Raa8 21. Rxc7 Rfe8 22. Rg2 Re4 23. b3 Rae8 24. Kb2 Kg8 25. Ng3 Rxf4 26. Nh5 Rh4 27. Rxg7+ Kh8 28. Rxh7+ Kxh7 29. Nf6+ Kh6 30. Nxe8 f4 31. Nd6 Kh5 32. Nf7 Rg4 33. Rxg4 Kxg4 34. Kc3 c5 35. Kd3 Kh3 36. Ke4 Kxh2 37. Kf3 Kg1 38. Nd6 Kf1 39. Nc4 Ke1 40. Nxa5 Kd2 41. Nc6 Kxc2 42. a5 Nf8 43. a6 Ne6 44. b4 cxb4 45. a7 Nc7 46. Nxb4+ Kb3 47. Nd5 Na8 48. Kxf4 Kc4 49. Ke4 1/2-1/2

[Event "60th ch-RUS Superfinal"]
[Site "Moscow RUS"]
[Date "2007.12.24"]
[Round "6"]
[White "Amonatov, F."]
[Black "Inarkiev, E."]
[Result "1/2-1/2"]
[WhiteElo "2637"]
[BlackElo "2674"]
[PlyCount "81"]
[EventDate "2007.12.18"]
[Source "www.chesslib.no"]
[SourceDate "2004.05.04"]

1. e4 e5 2. Nf3 Nc6 3. d4 exd4 4. Nxd4 Bc5 5. Be3 Qf6 6. c3 Nge7 7. Bc4 Ne5 8. Be2 Qg6 9. O-O d6 10. Kh1 Qxe4 11. Nd2 Qg6 12. Nb5 O-O 13. Nxc7 Rb8 14. Bh5 Qf5 15. f4 N5c6 16. Nc4 Rd8 17. b4 Be6 18. Nxe6 Qxe6 19. Qe2 Bxe3 20. Nxe3 Nf5 21. Rae1 Nxe3 22. Qxe3 Qxe3 23. Rxe3 Kf8 24. Rd3 Rbc8 25. Rfd1 Ne7 26. Bg4 f5 27. Bf3 d5 28. Kg1 g6 29. Kf2 Rc4 30. g3 Rdc8 31. Bxd5 Nxd5 32. Rxd5 Rxc3 33. Rd8+ Rxd8 34. Rxd8+ Ke7 35. Rb8 Rc7 36. Ke3 Rd7 37. a4 Kd6 38. Ra8 Re7+ 39. Kd3 Re4 40. Rd8+ Kc7 41. Rd4 1/2-1/2

[Event "Bled ol (Men)"]
[Site "?"]
[Date "2002.11.01"]
[Round "7"]
[White "Movsesian Sergei"]
[Black "Georgiev Kiril"]
[Result "1-0"]
[WhiteElo "2651"]
[BlackElo "2658"]
[PlyCount "213"]
[EventDate "2002.??.??"]
[Source "www.chesslib.no"]
[SourceDate "2004.05.04"]

1. e4 e5 2. Nf3 Nc6 3. d4 exd4 4. Nxd4 Bc5 5. Be3 Qf6 6. c3 Nge7 7. Bc4 Ne5 8. Be2 Qg6 9. O-O d6 10. f3 O-O 11. Kh1 f5 12. Nd2 fxe4 13. Qb3+ Qf7 14. Nxe4 Bb6 15. f4 Ng4 16. Bg1 Bd7 17. Qd1 Qg6 18. f5 Bxf5 19. Nxf5 Rxf5 20. Rxf5 Qxf5 21. Nxd6 cxd6 22. Bxg4 Qf6 23. Bxb6 axb6 24. Bf3 d5 25. Bxd5+ Nxd5 26. Qxd5+ Qf7 27. Qd4 h6 28. Qxb6 Rxa2 29. Rxa2 Qxa2 30. h3 Qd5 31. b4 Kh7 32. Kg1 Qd1+ 33. Kh2 Qe2 34. Qd4 b5 35. Qf4 Kg8 36. Qf3 Qe5+ 37. Qg3 Qe2 38. Qf4 Kh7 39. h4 Kg8 40. Qf3 Qc4 41. Kg3 h5 42. Kh3 Qe6+ 43. Kh2 Qe5+ 44. Qg3 Qe2 45. Qg5 Kf7 46. Qd5+ Kf6 47. Qd8+ Kf7 48. Qc7+ Kg8 49. Qf4 Kh7 50. Qf3 Qe5+ 51. g3 Kg8 52. Kg2 g6 53. Qd3 Kh7 54. Kf2 Qf6+ 55. Qf3 Qe7 56. Qf4 Qa7+ 57. Ke2 Qa2+ 58. Kf3 Qd5+ 59. Ke3 Qe6+ 60. Qe4 Qb6+ 61. Ke2 Qc7 62. Qd3 Qc6 63. Kd2 Kg7 64. Kc2 Qa6 65. Qd7+ Kf6 66. Qd5 Ke7 67. Kd3 Qa1 68. Qe5+ Kf7 69. Kd4 Qa7+ 70. Kd5 Qb6 71. Qd6 Qa7 72. Kc6 Qa6+ 73. Kc5 Qc8+ 74. Qc6 Qb8 75. Qd7+ Kg8 76. Qd6 Qe8 77. Qc6 Qe3+ 78. Kxb5 Qxg3 79. Qf6 Qb8+ 80. Kc4 Qc8+ 81. Kd5 Qd7+ 82. Ke5 Qb5+ 83. Kf4 Kh7 84. Qe7+ Kg8 85. Qe5 Qd7 86. Qd4 Qf5+ 87. Kg3 Qf1 88. Qd8+ Kg7 89. Qe7+ Kg8 90. Qe6+ Kg7 91. Qe3 Qb1 92. Qd4+ Kf7 93. Kf4 Qf5+ 94. Ke3 Qh3+ 95. Ke2 Qe6+ 96. Kd3 Qf5+ 97. Qe4 Qf1+ 98. Kc2 Qa1 99. Qc4+ Kg7 100. b5 g5 101. Qc7+ Kg6 102. Qd6+ Kf5 103. Qd5+ Kf4 104. Qxg5+ Ke4 105. Qg6+ Ke3 106. Qa6 Qh1 107. Qh6+ 1-0

[Event "Bastia Cup"]
[Site "Bastia"]
[Date "1999.12.04"]
[Round "2.1"]
[White "Rublevsky, Sergei"]
[Black "Akopian, Vladimir"]
[Result "0-1"]
[WhiteElo "2660"]
[BlackElo "2646"]
[PlyCount "140"]
[EventDate "1999.11.??"]
[Source "ChessBase"]
[SourceDate "2000.01.11"]

1. e4 e5 2. Nf3 Nc6 3. d4 exd4 4. Nxd4 Bc5 5. Nxc6 Qf6 6. Qd2 dxc6 7. Nc3 Ne7 8. Qf4 Ng6 9. Qxf6 gxf6 10. Bd2 Bd7 11. f4 O-O-O 12. O-O-O Bg4 13. Be2 Bxe2 14. Nxe2 Rhe8 15. Nc3 Nh4 16. Na4 Bf8 17. g3 Nf3 18. Nc3 Bc5 19. Be1 Be3+ 20. Kb1 Rxd1+ 21. Nxd1 Rxe4 22. Nxe3 Rxe3 23. Bc3 f5 24. h3 h5 25. Kc1 c5 26. Rd1 b5 27. a3 Re4 28. Rd5 b4 29. axb4 cxb4 30. Bf6 c6 31. Rd3 Re1+ 32. Rd1 Re6 33. Bd8 c5 34. c3 b3 35. c4 Re4 36. Ba5 Nd4 37. Kd2 Re2+ 38. Kd3 Rg2 39. Re1 Rxg3+ 40. Re3 Rg2 41. Bc3 Ne6 42. Re5 Nxf4+ 43. Ke3 Ne6 44. Rxf5 Rg3+ 45. Kd2 Rxh3 46. Rxf7 Ng5 47. Re7 h4 48. Bf6 Nf3+ 49. Kd1 a5 50. Ra7 Rg3 51. Rxa5 h3 52. Rxc5+ Kd7 53. Rh5 Ke6 54. Rh6 Kf5 55. Bc3 Ke4 56. Re6+ Kd3 57. Rd6+ Ke3 58. Re6+ Kf2 59. Re2+ Kf1 60. Be5 Nxe5 61. Rxe5 Rd3+ 62. Kc1 h2 63. Rh5 Kg2 64. Rg5+ Rg3 65. Rh5 h1=Q+ 66. Rxh1 Kxh1 67. Kd2 Kg2 68. c5 Kf3 69. c6 Ke4 70. c7 Rg8 0-1